000 00839nam a22002055i 4500
001 172265
003 ES-MaACL
005 20230906214844.0
008 090623s1979 fr |||| | fre d
100 1 _aPhilidor, François-André Danican.
_991657
245 1 0 _aTom Jones
_b: comédie lyrique en 3 actes /
_cmusique de F.-A. Danican Philidor ; livret de M. Poinsinet d'après le roman populaire de H. Fielding ; adaptation de C. Charras et A. Gille.
260 _aParis :
_bThéatre National de l'Opéra de Paris,
_c[1979]
300 _a75 p. ;
_c21 cm.
500 _aSolo la letra.
700 1 _aPoinsinet, Antoine-Alexandre-Henri.
_9140809
700 0 _aFielding, Henry.
_950700
700 1 _aGille, A.
_9140811
700 1 _aCharras, C.
_9140810
852 _aES-MaACL
_j2251-F-5
_9R.140112
_z.- Biblioteca Jacinto Martínez Lacalle
999 _c172265
_d172265